000 00387nam a22001577a 4500
020 _a978-81-264-4124-2
082 _aM3
_bKUN/K
100 _aKunjabdulla Punathil
245 _aKitchen manifesto/
_cby Kunjabdulla Punathil
260 _aKottayam:
_bD C,
_c2013.
300 _a80p.
650 _aNovel Malayalam
650 _aLiterature Malayalam
650 _aLiterature
942 _cBK
999 _c52719
_d52719